Statistics for World of Warcraft Dungeons

Click here to take the quiz!

General Stats

  • This quiz has been taken 11 times
  • The average score is 52 of 118

Answer Stats

HintAnswer% Correct
ClassicDeadmines
100%
ClassicThe Stockade
100%
ClassicDire Maul
88%
ClassicMaraudon
88%
ClassicRagefire Chasm
88%
ClassicRazorfen Kraul
88%
ClassicScarlet Monastery
88%
ClassicShadowfang Keep
88%
ClassicStratholme
88%
ClassicUldaman
88%
ClassicZul Farrak
88%
ClassicBlackrock Depths
75%
ClassicGnomeregan
75%
ClassicRazorfen Downs
75%
ClassicScholomance
75%
WrathAzjol Nerub
63%
ClassicBlackfathom Deeps
63%
Battle for AzerothFreehold
63%
WrathHalls of Lightning
63%
WrathHalls of Stone
63%
Burning CrusadeHellfire Ramparts
63%
Burning CrusadeThe Blood Furnace
63%
Burning CrusadeThe Botanica
63%
WrathThe Nexus
63%
Burning CrusadeThe Slave Pens
63%
Burning CrusadeThe Underbog
63%
WrathThe Violet Hold
63%
CataclysmThe Vortex Pinnacle
63%
ClassicWailing Caverns
63%
CataclysmEnd Time
50%
CataclysmGrim Batol
50%
WrathGundrak
50%
WrathHalls of Reflection
50%
LegionHalls of Valor
50%
ClassicLower Blackrock Spire
50%
Burning CrusadeMana Tombs
50%
WrathPit of Saron
50%
Burning CrusadeSethekk Halls
50%
Mists of PandariaStormstout Brewery
50%
Mists of PandariaTemple of the Jade Serpent
50%
Burning CrusadeThe Arcatraz
50%
Burning CrusadeThe Black Morass
50%
WrathThe Culling of Stratholme
50%
Burning CrusadeThe Mechanar
50%
WrathThe Oculus
50%
Burning CrusadeThe Steamvault
50%
CataclysmThrone of the Tides
50%
ClassicUpper Blackrock Spire
50%
WrathUtgarde Keep
50%
WrathUtgarde Pinnacle
50%
CataclysmWell of Eternity
50%
Battle for AzerothAtal Dazar
38%
Burning CrusadeAuchenai Crypts
38%
CataclysmBlackrock Caverns
38%
LegionBlack Rook Hold
38%
LegionCourt of Stars
38%
ShadowlandsDe Other Side
38%
Burning CrusadeEscape from Durnholde
38%
DragonflightHalls of Infusion
38%
CataclysmHalls of Origination
38%
CataclysmHour of Twilight
38%
Warlords of DraenorIron Docks
38%
Battle for AzerothKings Rest
38%
LegionMaw of Souls
38%
Mists of PandariaMogu Shan Palace
38%
ShadowlandsPlaguefall
38%
DragonflightRuby Life Pools
38%
ShadowlandsSanguine Depths
38%
Burning CrusadeShadow Labyrinth
38%
Battle for AzerothShrine of the Storm
38%
Battle for AzerothSiege of Boralus
38%
Mists of PandariaSiege of Niuzao Temple
38%
Warlords of DraenorSkyreach
38%
LegionThe Arcway
38%
ShadowlandsTheater of Pain
38%
WrathThe Forge of Souls
38%
DragonflightThe Nokhud Offensive
38%
Burning CrusadeThe Shattered Halls
38%
Battle for AzerothThe Underrot
38%
Battle for AzerothTol Dagor
38%
WrathTrial of the Champion
38%
CataclysmZul Aman
38%
CataclysmZul Gurub
38%
DragonflightAlgethar Academy
25%
Warlords of DraenorAuchindoun
25%
Warlords of DraenorBloodmaul Slag Mines
25%
DragonflightBrackenhide Hollow
25%
LegionCathedral of the Eternal Night
25%
LegionDarkheart Thicket
25%
DragonflightDawn of the Infinite
25%
LegionEye of Azshara
25%
Warlords of DraenorGrimrail Depot
25%
ShadowlandsHalls of Atonement
25%
Burning CrusadeMagisters Terrace
25%
ShadowlandsMists of Tirna scithe
25%
LegionNeltharions Lair
25%
Battle for AzerothOperation Mechagon
25%
LegionSeat of the Triumvirate
25%
Mists of PandariaShado Pan Monastery
25%
Warlords of DraenorShadowmoon Burial Grounds
25%
ShadowlandsSpires of Ascension
25%
Battle for AzerothTemple of Sethraliss
25%
DragonflightThe Azure Vault
25%
Warlords of DraenorThe Everbloom
25%
Battle for AzerothThe Motherlode
25%
CataclysmThe Stonecore
25%
DragonflightUldaman Legacy of Tyr
25%
LegionVault of the Wardens
25%
Battle for AzerothWaycrest Manor
25%
WrathAhn Kahet The Old Kingdom
13%
LegionAssault on Violet Hold
13%
Mists of PandariaGate of the Setting Sun
13%
CataclysmLost City of the Tol vir
13%
DragonflightNeltharus
13%
LegionReturn to Kharazan
13%
ShadowlandsTazavesh the Veiled Market
13%
ShadowlandsThe Necrotic Wake
13%
ClassicThe Temple of Atal Hakkar
13%

Score Distribution

Percentile by Number Answered

Percent of People with Each Score

Your Score History

You have not taken this quiz